书目信息 |
| 题名: |
电路
|
|
| 作者: | 黄锦安 主编 ;康明才 , 孙建红 , 沙涛 参编 | |
| 分册: | ||
| 出版信息: | 北京 机械工业版 2003.8 |
|
| 页数: | 412页 | |
| 开本: | 26cm | |
| 丛书名: | ||
| 单 册: | ||
| 中图分类: | TM133 | |
| 科图分类: | ||
| 主题词: | 电路理论 | |
| 电子资源: | ||
| ISBN: | 7-111-12583-5 | |
| 000 | 00747nam0 2200253 450 | |
| 001 | CAL 012003152009 | |
| 005 | 20050703102148.25 | |
| 010 | @a7-111-12583-5@dCNY 35.00 | |
| 099 | @aCAL 012003152009 | |
| 200 | 1 | @a电路@ADian Lu@f主编黄锦安@g参编康明才, 孙建红, 沙涛 |
| 210 | @a北京@c机械工业版@d2003.8 | |
| 215 | @a412页@c图@d26cm | |
| 320 | @a有书目 | |
| 330 | @a本书是根据国家工科电工课程教学指导委员会制订的高等工业学校课程教学基本要求编写的。 | |
| 606 | 0 | @a电路理论 |
| 690 | @aTM133 | |
| 701 | 0 | @a黄锦安@AHuang Jin An@4主编 |
| 702 | 0 | @a康明才@AKang Ming Cai@4参编 |
| 702 | 0 | @a孙建红@AXun Jian Hong@4参编 |
| 702 | 0 | @a沙涛@ASha Tao@4参编 |
| 801 | 0 | @c20050703 |
| 905 | @a10447@dTM133@eH840 | |
| 906 | @dCNY35.00@n0@r1 | |
| 998 | @aSEU | |
| 电路/主编黄锦安/参编康明才, 孙建红, 沙涛.-北京:机械工业版,2003.8 |
| 412页:图;26cm |
| ISBN 7-111-12583-5:CNY 35.00 |
| 本书是根据国家工科电工课程教学指导委员会制订的高等工业学校课程教学基本要求编写的。 |
| ● |
| 相关链接 |
|
|
|
正题名:电路
索取号:TM133/H840
 
预约/预借
| 序号 | 登录号 | 条形码 | 馆藏地/架位号 | 状态 | 备注 |
| 1 | 539729 | 205397293 | 自科二线404/301自科库 6排3列4层/ [索取号:TM133/H840] | 在馆 | |
| 2 | 539730 | 205397300 | 自科库301/301自科库 9排2列5层/ [索取号:TM133/H840] | 在馆 | |
| 3 | 539731 | 205397319 | 自科库301/301自科库 9排2列5层/ [索取号:TM133/H840] | 在馆 |